| 000 | 01239nam a2200193Ia 4500 | ||
|---|---|---|---|
| 003 | Ost | ||
| 005 | 20260507075801.0 | ||
| 008 | 260507s9999||||xx |||||||||||||| ||und|| | ||
| 040 | _cfsecg | ||
| 041 | _aara | ||
| 100 |
_aالناشف، انطوان _eمؤلف |
||
| 245 | 0 |
_aالعمليات المصرفية والسوق المالية: : _bالمفهوم القانوني للسوق المالية ومدى علاقتها بالنظام المصرفي الجزء 02 / _c انطوان الناشف |
|
| 260 |
_aطرابلس: _bالمؤسسة الحديثة للكتاب, _c1998 |
||
| 300 |
_a528 صفحة؛ _c25 سم |
||
| 520 | _a-تعريف السوق المالية والبورصة والاوراق-المؤسسات العاملة في السوقين التقدية والمالية-عمليات بيع وشراء الاسهم واالوراق في السوق المالية-الاتمان-المفهوم القانونى للسوق المالية والمبادئ العامة لتطويرها وتفعيلها-بروصق بيروت-بنية الوساطة المالية في لبنان-درو ال | ||
| 653 | _aالعمليات المصرفية | ||
| 700 |
_aالهندي، خليل _eمؤلف ثانوي |
||
| 942 | _cكتاب | ||
| 999 |
_c46271 _d46271 |
||